000 00249nam a2200097Ia 4500
082 _aEJF|EWIN
245 0 _aSecret celebrity
100 _a EWING, Deborah London, 2009
_970528
942 _cBK
008 210817s9999 xx 000 0 und d
999 _c228809
_d228808